| 000 | 00543nam a2200193Ia 4500 | ||
|---|---|---|---|
| 008 | 220216s9999 xx 000 0 und d | ||
| 100 | _aReju M.J | ||
| 245 | 0 | _aClonal variability and seasonal contribution to yield of Hevea clones in the traditional rubber growing region of India | |
| 260 |
_bRubber Science _c2019 |
||
| 300 | _a262-271 | ||
| 650 | _aGirth | ||
| 650 | _aHeritability | ||
| 650 | _aHybrid clones | ||
| 650 | _aSeasonal yield | ||
| 650 | _aYield | ||
| 650 | _aYield variability | ||
| 700 | _aMydin K.K | ||
| 942 | _cJS | ||
| 999 |
_c55733 _d55733 |
||